[Event "V Floripa Chess Open 2019"]
[Site "Florianopolis/SC"]
[Date "2019.01.24"]
[Round "6.48"]
[White "Campos, Alexandre Ferreira"]
[Black "Silva, Janderson Rossi Da"]
[Result "1-0"]
[WhiteElo "2073"]
[BlackElo "1850"]
[PlyCount "113"]
[EventDate "2019.01.21"]
[EventRounds "10"]
[EventCountry "BRA"]

1. Nf3 Nf6 2. c4 e6 3. g3 b6 4. Bg2 Bb7 5. O-O Be7 6. Nc3 O-O 7. Qc2 c5 8. a3 Nc6 9. e3 d5 10. cxd5 Nxd5 11. d4 cxd4 12. Nxd5 Qxd5 13. Rd1 Qc5 14. Qxc5 Bxc5 15. b4 Be7 16. Nxd4 Nxd4 17. Bxb7 Rab8 18. Ba6 Nb3 19. Rb1 Nxc1 20. Rbxc1 Rfd8 21. Rxd8+ Bxd8 22. Rd1 Kf8 23. Rd7 Ra8 24. Kg2 Ke8 25. Bb5 Kf8 26. Bc6 Rc8 27. b5 Be7 28. Rxa7 Bc5 29. a4 Rd8 30. a5 bxa5 31. Rxa5 Rd2 32. Kf3 Ke7 33. Ra8 Rd8 34. Ra6 Kd6 35. Be4+ Ke5 36. Rc6 Bd6 37. Bd3 Bb8 38. Ke2 h6 39. f4+ Kf6 40. b6 Rd6 41. Rxd6 Bxd6 42. e4 e5 43. Kf3 Ke7 44. Kg4 f6 45. f5 Bb8 46. Bc4 Bd6 47. b7 Bc7 48. Kh5 Bd6 49. Kg6 Kf8 50. g4 Bc7 51. h4 Bb8 52. g5 hxg5 53. hxg5 fxg5 54. Kxg5 Ke7 55. Kg6 Kf8 56. Bb5 Bc7 57. f6 1-0

[Event "V Floripa Chess Open 2019"]
[Site "Florianopolis/SC"]
[Date "2019.01.24"]
[Round "6.49"]
[White "Schiavo, Marcelo Da Silva"]
[Black "Franca Junior, Jairo"]
[Result "1/2-1/2"]
[WhiteElo "2070"]
[BlackElo "1816"]
[PlyCount "61"]
[EventDate "2019.01.21"]
[EventRounds "10"]
[EventCountry "BRA"]

1. Nf3 Nf6 2. c4 e6 3. g3 Be7 4. Bg2 O-O 5. O-O d5 6. b3 c5 7. cxd5 exd5 8. d4 Nc6 9. Bb2 Bf5 10. Nbd2 Rc8 11. a3 h6 12. dxc5 Bxc5 13. Rc1 Bb6 14. b4 Qe7 15. Nb3 Rfd8 16. e3 Ne4 17. Nfd4 Bg6 18. Bh3 Rc7 19. Qe2 Ne5 20. Rxc7 Qxc7 21. Nb5 Qe7 22. Bxe5 Qxe5 23. Rc1 Ng5 24. Bf1 Be4 25. N5d4 Qf6 26. Bg2 g6 27. Nc5 Bxg2 28. Kxg2 Qe7 29. h4 Ne4 30. Ncb3 h5 31. Qd3 1/2-1/2

[Event "V Floripa Chess Open 2019"]
[Site "Florianopolis/SC"]
[Date "2019.01.24"]
[Round "6.50"]
[White "Cardoso, Andre Felipe De Lim"]
[Black "Blank Goncalves, Eduardo"]
[Result "1-0"]
[WhiteElo "1948"]
[BlackElo "2060"]
[PlyCount "119"]
[EventDate "2019.01.21"]
[EventRounds "10"]
[EventCountry "BRA"]

1. e4 e5 2. Nf3 Qe7 3. Nc3 c6 4. d4 d6 5. a4 a5 6. Be2 g6 7. Be3 Nf6 8. Nd2 Bg7 9. dxe5 dxe5 10. Nc4 O-O 11. Nb6 Ra6 12. Bxa6 Nxa6 13. Nxc8 Rxc8 14. f3 Qb4 15. Qd2 Nc7 16. Nd1 Bf8 17. c3 Qc4 18. Qe2 Qxe2+ 19. Kxe2 Ne6 20. Nf2 Nd7 21. b3 Ndc5 22. Rab1 Rd8 23. Rhd1 Rxd1 24. Kxd1 f5 25. Ke2 Kf7 26. Nd3 fxe4 27. Nxc5 exf3+ 28. Kxf3 Bxc5 29. b4 axb4 30. cxb4 Bd6 31. Ke4 Nc7 32. Bc5 Ke6 33. Bxd6 Kxd6 34. b5 Nd5 35. Rc1 Nf6+ 36. Ke3 Nd7 37. Ke4 Nf6+ 38. Kf3 Nd5 39. bxc6 bxc6 40. a5 Nb4 41. Ke4 c5 42. Rh1 Na6 43. Rf1 Kc6 44. Kxe5 Kb5 45. Kf6 Kxa5 46. Kg7 c4 47. Kxh7 g5 48. Kg6 Kb4 49. Kxg5 Nc5 50. Rc1 Ne4+ 51. Kf5 Nc3 52. h4 Ne2 53. Rxc4+ Kxc4 54. h5 Ng3+ 55. Kg4 Nxh5 56. Kxh5 Kd5 57. Kg6 Ke6 58. g4 Ke5 59. g5 Ke6 60. Kh7 1-0

[Event "V Floripa Chess Open 2019"]
[Site "Florianopolis/SC"]
[Date "2019.01.24"]
[Round "6.52"]
[White "Menna Barreto, Luiz Ney"]
[Black "Hirota Da Silva, Nilton"]
[Result "1-0"]
[WhiteElo "2327"]
[BlackElo "1942"]
[PlyCount "105"]
[EventDate "2019.01.21"]
[EventRounds "10"]
[EventCountry "BRA"]

1. Nf3 d5 2. d4 Nf6 3. c4 c6 4. Nc3 e6 5. e3 Be7 6. Bd3 Nbd7 7. O-O O-O 8. e4 dxe4 9. Nxe4 Nxe4 10. Bxe4 f5 11. Bc2 Bf6 12. Re1 Nb6 13. Qd3 g6 14. Bf4 Re8 15. Rad1 g5 16. Be5 g4 17. Bxf6 Qxf6 18. Ne5 Nd7 19. f3 gxf3 20. Qxf3 Re7 21. Qf4 Rg7 22. Re3 Nf8 23. c5 Bd7 24. Rg3 Rd8 25. Re1 Be8 26. Bb3 Rxg3 27. hxg3 Bf7 28. g4 Ng6 29. Nxg6 hxg6 30. Re5 Qh4 31. Bxe6 Qxg4 32. Qxg4 fxg4 33. Bxf7+ Kxf7 34. Re4 g3 35. Kf1 Rd5 36. Ke2 Rf5 37. Ke3 Rf2 38. Rf4+ Rxf4 39. Kxf4 Ke6 40. Ke4 g5 41. b4 a6 42. a4 a5 43. bxa5 g4 44. d5+ cxd5+ 45. Kd4 Kd7 46. Kxd5 Kc7 47. a6 bxa6 48. a5 Kd7 49. c6+ Kc7 50. Kc5 Kc8 51. Kb6 Kb8 52. Kxa6 Ka8 53. Kb6 1-0

[Event "V Floripa Chess Open 2019"]
[Site "Florianopolis/SC"]
[Date "2019.01.24"]
[Round "6.53"]
[White "Souza, Adwilhans Luciano"]
[Black "Furmam, Fernando Gustavo"]
[Result "1-0"]
[WhiteElo "2368"]
[BlackElo "1910"]
[PlyCount "34"]
[EventDate "2019.01.21"]
[EventRounds "10"]
[EventCountry "BRA"]

1. e4 c6 2. d4 d5 3. Nc3 dxe4 4. Nxe4 Nd7 5. Ng5 Ngf6 6. Bd3 g6 7. h4 Bg7 8. h5 Nb6 9. h6 Bf8 10. N1f3 Bg4 11. Rh4 e6 12. Rxg4 Nxg4 13. Nxf7 Qf6 14. Nxh8 Qxh8 15. Ng5 Nxh6 16. Nxe6 Kd7 17. Nc5+ Kd8 1-0

[Event "V Floripa Chess Open 2019"]
[Site "Florianopolis/SC"]
[Date "2019.01.24"]
[Round "6.54"]
[White "Pereira, Silvio Cunha"]
[Black "Cabral, Denrick"]
[Result "1-0"]
[WhiteElo "2258"]
[BlackElo "1903"]
[PlyCount "55"]
[EventDate "2019.01.21"]
[EventRounds "10"]
[EventCountry "BRA"]

1. e4 c5 2. Nf3 d6 3. d4 cxd4 4. Qxd4 Nc6 5. Bb5 Bd7 6. Bxc6 Bxc6 7. c4 Nf6 8. Nc3 g6 9. O-O Bg7 10. Bg5 O-O 11. Qd3 Nd7 12. Nd5 Re8 13. Qd2 Nc5 14. Rfe1 Rc8 15. Rac1 f6 16. Bf4 b5 17. Nd4 bxc4 18. Nxc6 Rxc6 19. Rxc4 Rc8 20. Rec1 Qd7 21. b4 e6 22. bxc5 exd5 23. Qxd5+ Kh8 24. cxd6 Rcd8 25. Rc7 Qe6 26. d7 Re7 27. Qxe6 Rxe6 28. Rc8 1-0

[Event "V Floripa Chess Open 2019"]
[Site "Florianopolis/SC"]
[Date "2019.01.24"]
[Round "6.55"]
[White "Marques, Eudes Pinto"]
[Black "Campelo, Leandro Fabricio"]
[Result "1-0"]
[WhiteElo "1896"]
[BlackElo "2201"]
[PlyCount "117"]
[EventDate "2019.01.21"]
[EventRounds "10"]
[EventCountry "BRA"]

1. c4 g6 2. d4 Nf6 3. g3 Bg7 4. Bg2 O-O 5. Nf3 d6 6. O-O Nc6 7. Nc3 a6 8. Re1 Rb8 9. e4 Bg4 10. h3 Bxf3 11. Bxf3 e5 12. d5 Nd4 13. Bg2 c5 14. dxc6 bxc6 15. b3 Nd7 16. Be3 Nc5 17. Ne2 Nce6 18. Rb1 c5 19. Qd2 Nxe2+ 20. Rxe2 Qc7 21. f4 exf4 22. gxf4 a5 23. Rf1 Nd4 24. Ref2 f5 25. Kh1 Kh8 26. Bxd4 Bxd4 27. Re2 a4 28. exf5 axb3 29. axb3 Rxf5 30. Be4 Rh5 31. Qd3 Qd7 32. Kg2 Qg7 33. Qf3 Rf8 34. Ra2 Rh4 35. Ra8 Rxa8 36. Bxa8 Qf6 37. Bd5 Qe7 38. Be4 Qg7 39. Qe2 Qd7 40. Qf3 Qa7 41. Qe2 Kg7 42. Bc2 Qb7+ 43. Qf3 Qb4 44. Qe2 Qb7+ 45. Kg3 Rh5 46. Re1 Bf6 47. Rg1 Qd7 48. Qg4 Qe7 49. Kh2 Rh4 50. Qf3 Bd4 51. Rf1 Qf6 52. Qb7+ Kh6 53. Qf3 Qe6 54. f5 Qe5+ 55. Kg2 g5 56. f6 Rf4 57. Qd3 g4 58. Qxh7+ Kg5 59. Qg6+ 1-0

[Event "V Floripa Chess Open 2019"]
[Site "Florianopolis/SC"]
[Date "2019.01.24"]
[Round "6.56"]
[White "De Oliveira, Guilherme Alfredo B"]
[Black "Nery Junior, Jose Antonio"]
[Result "1-0"]
[WhiteElo "1893"]
[BlackElo "2188"]
[PlyCount "60"]
[EventDate "2019.01.21"]
[EventRounds "10"]
[EventCountry "BRA"]

1. d4 Nf6 2. Nf3 c5 3. c3 b6 4. Bf4 g6 5. h3 Bg7 6. e3 O-O 7. Be2 d6 8. O-O Nbd7 9. a4 a6 10. Nbd2 Bb7 11. Qb3 Re8 12. Ng5 Rf8 13. Bc4 d5 14. Be2 Re8 15. Ndf3 Ne4 16. Nxe4 dxe4 17. Nd2 e5 18. dxe5 Nxe5 19. Rfd1 Qf6 20. Bxe5 Rxe5 21. Nc4 Bd5 22. Qxb6 Re6 23. Qxc5 Bxc4 24. Bxc4 Rc6 25. Qd5 Rac8 26. b3 Qe7 27. Rac1 Be5 28. Kf1 Bb8 29. Rd4 Rf6 30. Qxe4 Qa3 1-0

[Event "V Floripa Chess Open 2019"]
[Site "Florianopolis/SC"]
[Date "2019.01.24"]
[Round "6.57"]
[White "Bueno, Alfeu Junior Varela"]
[Black "Vega, Rodrigo"]
[Result "1-0"]
[WhiteElo "2179"]
[BlackElo "1897"]
[PlyCount "111"]
[EventDate "2019.01.21"]
[EventRounds "10"]
[EventCountry "BRA"]

1. e4 e5 2. Nc3 Nf6 3. f4 d5 4. fxe5 Nxe4 5. Qf3 Nxc3 6. dxc3 Nc6 7. Bb5 a6 8. Bxc6+ bxc6 9. Qg3 Bb7 10. Nf3 Qd7 11. Be3 O-O-O 12. O-O f6 13. b4 Re8 14. Bd4 Be7 15. Qxg7 Reg8 16. Qf7 Qg4 17. Rf2 Rg7 18. h3 Rxf7 19. hxg4 fxe5 20. Nxe5 Rxf2 21. Kxf2 Rf8+ 22. Kg1 Bd6 23. Nd3 Kd8 24. Re1 Bc8 25. g5 Bf5 26. Rf1 Bg6 27. Rxf8+ Bxf8 28. Kf2 Bd6 29. Bc5 Kd7 30. a4 Ke6 31. g4 Kd7 32. Ke3 Bh2 33. Bf8 Ke8 34. Bg7 Bd6 35. Kd4 Kd7 36. Be5 Be4 37. Bxd6 cxd6 38. c4 Bh1 39. c5 Be4 40. cxd6 Kxd6 41. Nc5 Bxc2 42. a5 Bd1 43. Nxa6 Bxg4 44. Nc5 Bc8 45. a6 Kc7 46. a7 Bb7 47. Ne6+ Kd6 48. Nf8 Ke7 49. Nxh7 Kf7 50. Kc5 Kg6 51. Kb6 Ba8 52. Nf8+ Kxg5 53. Ne6+ Kf5 54. Nc5 Ke5 55. Kc7 Kd4 56. Kb8 1-0

[Event "V Floripa Chess Open 2019"]
[Site "Florianopolis/SC"]
[Date "2019.01.24"]
[Round "6.58"]
[White "Trois, Francisco R.T."]
[Black "Silva Junior, Marcelo Valeriano"]
[Result "1-0"]
[WhiteElo "2163"]
[BlackElo "1891"]
[PlyCount "38"]
[EventDate "2019.01.21"]
[EventRounds "10"]
[EventCountry "BRA"]

1. Nf3 d5 2. g3 Nc6 3. d3 e5 4. Bg2 Bg4 5. h3 Bh5 6. c3 f5 7. Qb3 Rb8 8. Ng5 Nf6 9. Ne6 Qd6 10. Nxf8 Rxf8 11. Bg5 h6 12. Bxf6 Qxf6 13. Qxd5 Rd8 14. Qc5 e4 15. dxe4 fxe4 16. Qxh5+ g6 17. Qc5 Rd5 18. Qe3 Nb4 19. O-O Nc2 1-0

[Event "V Floripa Chess Open 2019"]
[Site "Florianopolis/SC"]
[Date "2019.01.24"]
[Round "6.59"]
[White "Do Valle Cardoso, Lucas"]
[Black "Farias, Edilsom"]
[Result "1-0"]
[WhiteElo "2143"]
[BlackElo "1892"]
[PlyCount "63"]
[EventDate "2019.01.21"]
[EventRounds "10"]
[EventCountry "BRA"]

1. e4 c6 2. d4 d5 3. Nc3 dxe4 4. Nxe4 Bf5 5. Ng3 Bg6 6. h4 h6 7. h5 Bh7 8. Nf3 Nd7 9. Bd3 Bxd3 10. Qxd3 e6 11. Bd2 Ngf6 12. O-O-O Be7 13. Kb1 O-O 14. Ne4 c5 15. dxc5 Nxc5 16. Nxc5 Bxc5 17. Qe2 Qb6 18. Ne5 Rad8 19. g4 Nd5 20. Rh3 Bd4 21. Rb3 Qc7 22. Nd3 Bf6 23. f4 Rc8 24. Rc1 Qe7 25. c4 Nb6 26. Bb4 Qd7 27. Bxf8 Kxf8 28. c5 Nd5 29. Ne5 Qc7 30. Qe4 Nxf4 31. Nxf7 b6 32. Nd6 1-0

[Event "V Floripa Chess Open 2019"]
[Site "Florianopolis/SC"]
[Date "2019.01.24"]
[Round "6.60"]
[White "Souza Dos Santos, Matheus Garcett"]
[Black "De Carvalho, Christopher"]
[Result "0-1"]
[WhiteElo "1891"]
[BlackElo "2131"]
[PlyCount "64"]
[EventDate "2019.01.21"]
[EventRounds "10"]
[EventCountry "BRA"]

1. e4 e5 2. Nf3 Nc6 3. Bb5 a6 4. Ba4 Nf6 5. O-O b5 6. Bb3 Be7 7. Re1 d6 8. c3 O-O 9. h3 Na5 10. Bc2 c5 11. d4 Qc7 12. d5 c4 13. Nbd2 Nb7 14. Nf1 Nc5 15. g4 Kh8 16. Ng3 g6 17. Bh6 Re8 18. Kh2 Bxg4 19. Rg1 Qd7 20. Nf5 gxf5 21. exf5 Rg8 22. Nxe5 dxe5 23. hxg4 Nfe4 24. Qe2 Qd6 25. Be3 Bg5 26. f3 Qh6+ 27. Kg2 Bxe3 28. Rh1 Qf4 29. Rh3 Ng5 30. Rh5 Nxf3 31. Rxh7+ Kxh7 32. Rh1+ Kg7 0-1

[Event "V Floripa Chess Open 2019"]
[Site "Florianopolis/SC"]
[Date "2019.01.24"]
[Round "6.61"]
[White "Pirola, Claudionor Alcides "]
[Black "Kruger, Israel"]
[Result "1-0"]
[WhiteElo "2130"]
[BlackElo "1890"]
[PlyCount "109"]
[EventDate "2019.01.21"]
[EventRounds "10"]
[EventCountry "BRA"]

1. e4 e5 2. Nf3 d6 3. d4 exd4 4. Nxd4 Nf6 5. Nc3 Be7 6. Be2 Nc6 7. Nxc6 bxc6 8. O-O O-O 9. b3 Re8 10. Bb2 Nd7 11. f4 Bf6 12. Bf3 Bb7 13. Qd2 Rb8 14. Rad1 c5 15. e5 Bxf3 16. Rxf3 Be7 17. Ne4 Rb6 18. c4 Qa8 19. Qc2 Nf8 20. exd6 Bh4 21. Nxc5 Rxd6 22. Rxd6 cxd6 23. Na4 Re1+ 24. Rf1 Qe8 25. Qc3 Rxf1+ 26. Kxf1 Bf6 27. Qe1 Qd8 28. Qd2 Bxb2 29. Nxb2 Qf6 30. g3 g5 31. Nd3 Ne6 32. Kg2 Nd4 33. Nf2 gxf4 34. Qxf4 Qe5 35. Qxe5 dxe5 36. Ng4 Nc6 37. Kf3 Kg7 38. Ke4 f6 39. Ne3 Kf7 40. Kd5 Nb4+ 41. Kd6 Nxa2 42. c5 Nc3 43. c6 Nb5+ 44. Kd7 Kg6 45. g4 Kg5 46. h3 h5 47. c7 Nxc7 48. Kxc7 hxg4 49. hxg4 e4 50. b4 Kf4 51. Nd5+ Ke5 52. Kc6 a6 53. Kc5 f5 54. gxf5 Kxf5 55. Kd4 1-0

[Event "V Floripa Chess Open 2019"]
[Site "Florianopolis/SC"]
[Date "2019.01.24"]
[Round "6.62"]
[White "Teshima, Ricardo Yoshida"]
[Black "Osipi, Jair"]
[Result "0-1"]
[WhiteElo "1879"]
[BlackElo "2126"]
[PlyCount "168"]
[EventDate "2019.01.21"]
[EventRounds "10"]
[EventCountry "BRA"]

1. e4 c5 2. Nc3 Nc6 3. g3 g6 4. Bg2 Bg7 5. d3 d6 6. Be3 Rb8 7. Qd2 b5 8. Nge2 b4 9. Nd1 h5 10. h3 e5 11. c3 Nge7 12. O-O O-O 13. d4 bxc3 14. bxc3 exd4 15. cxd4 Ba6 16. Rc1 Bxe2 17. Qxe2 Nxd4 18. Qd2 Qb6 19. Re1 Qb4 20. Nc3 Qb2 21. Qd3 Nec6 22. Bf4 Be5 23. Nd5 Qxa2 24. Bxe5 Nxe5 25. Qe3 Kg7 26. f4 Rb2 27. Bh1 Re2 28. Qc3 Rxe1+ 29. Rxe1 Ne2+ 30. Rxe2 Qxe2 31. fxe5 dxe5 32. Qxe5+ f6 33. Qe7+ Rf7 34. Qxc5 Rb7 35. Bg2 h4 36. gxh4 Qe1+ 37. Kh2 Qxh4 38. Qd6 Qg5 39. Nf4 Qe5 40. Qxe5 fxe5 41. Nd3 Kf6 42. Kg1 a5 43. Bf1 a4 44. Nc1 Rb1 45. Na2 a3 46. Nc3 Rc1 47. Na2 Rc2 48. Nb4 a2 49. Nxa2 Rxa2 50. h4 Kg7 51. Bg2 Kh6 52. Bf3 Rb2 53. Bg4 Kg7 54. Bf3 Kf6 55. Bg4 Ke7 56. Bf3 Kd6 57. h5 g5 58. Bg4 Ke7 59. Kf1 Kf6 60. Kg1 Kg7 61. Kf1 Rb4 62. Bf3 Rb2 63. Bg4 Kh6 64. Kg1 Rb4 65. Bf3 g4 66. Bxg4 Rxe4 67. Bf3 Rf4 68. Bd1 Rd4 69. Be2 Rf4 70. Kg2 Kg5 71. Kg3 e4 72. Kg2 e3 73. Bf3 Rf6 74. Kg3 Rf8 75. Kg2 Kh4 76. h6 Rg8+ 77. Kf1 Kg3 78. Ke2 Kf4 79. h7 Rh8 80. Bc6 Rxh7 81. Bb5 Rb7 82. Ba6 Rb2+ 83. Kf1 Kf3 84. Bd3 Rd2 0-1

[Event "V Floripa Chess Open 2019"]
[Site "Florianopolis/SC"]
[Date "2019.01.24"]
[Round "6.63"]
[White "Santos Filho, Tadeu Sousa"]
[Black "Frankental, David"]
[Result "1-0"]
[WhiteElo "2086"]
[BlackElo "1886"]
[PlyCount "123"]
[EventDate "2019.01.21"]
[EventRounds "10"]
[EventCountry "BRA"]

1. e4 e5 2. Nf3 Nc6 3. Bc4 Bc5 4. d3 Nf6 5. O-O O-O 6. c3 d6 7. a4 a5 8. Na3 Qe7 9. Nc2 Be6 10. Qe2 Bxc4 11. dxc4 Nd7 12. Bg5 f6 13. Be3 Qe6 14. Nh4 Ne7 15. b4 Bxe3 16. Nxe3 b6 17. Rfd1 Rfd8 18. h3 Nf8 19. Qg4 Qxg4 20. hxg4 Nfg6 21. Nhf5 Nxf5 22. gxf5 Ne7 23. Ra2 Rd7 24. f3 axb4 25. cxb4 c5 26. b5 Nc8 27. Nd5 Ra5 28. Kf2 Kf7 29. Ke3 Rda7 30. Rda1 h6 31. Kd3 Rb7 32. Ne3 Rba7 33. Nf1 Ra8 34. Nd2 Ke8 35. Nb3 R5a7 36. a5 bxa5 37. Rxa5 Rxa5 38. Rxa5 Rxa5 39. Nxa5 Nb6 40. Nb3 Kd8 41. Nd2 Kc7 42. Nf1 Nd7 43. Kc3 Kb7 44. Kb3 Nf8 45. Ng3 g5 46. Nh5 Nh7 47. Ka4 Kb6 48. g4 Kb7 49. Ka5 Ka7 50. b6+ Kb7 51. Kb5 Nf8 52. Nxf6 Ka8 53. Ka6 d5 54. Nxd5 Nd7 55. f6 Kb8 56. f7 Nf8 57. Ne7 Nd7 58. Nc6+ Kc8 59. f8=Q+ Nxf8 60. b7+ Kc7 61. b8=Q+ Kxc6 62. Qxf8 1-0

[Event "V Floripa Chess Open 2019"]
[Site "Florianopolis/SC"]
[Date "2019.01.24"]
[Round "6.64"]
[White "Etchevest, Marcelo"]
[Black "Felix Simoes, Rodrigo"]
[Result "0-1"]
[WhiteElo "1860"]
[BlackElo "2083"]
[PlyCount "64"]
[EventDate "2019.01.21"]
[EventRounds "10"]
[EventCountry "BRA"]

1. d4 Nf6 2. Nf3 g6 3. b3 Bg7 4. Bb2 O-O 5. e3 d6 6. Nbd2 b6 7. Be2 Bb7 8. c4 Nbd7 9. Qc2 e5 10. dxe5 dxe5 11. Nxe5 Bxg2 12. Rg1 Bb7 13. O-O-O Qe7 14. Ndf3 Rfd8 15. h4 a5 16. a4 Nxe5 17. Nxe5 Rxd1+ 18. Bxd1 Ne4 19. Nf3 Rd8 20. h5 Bxb2+ 21. Qxb2 Nc5 22. Ne1 Be4 23. f3 Qd6 24. Qd4 Qe7 25. Qb2 Bb7 26. e4 Qd6 27. Bc2 Qf4+ 28. Kb1 Qh2 29. Qf6 Rd2 30. hxg6 hxg6 31. Qg5 Ne6 32. Rg2 Nxg5 0-1

[Event "V Floripa Chess Open 2019"]
[Site "Florianopolis/SC"]
[Date "2019.01.24"]
[Round "6.65"]
[White "Serafim Junior, Arnor"]
[Black "Soares, Joao Carlos T. C."]
[Result "0-1"]
[WhiteElo "1857"]
[BlackElo "2077"]
[PlyCount "92"]
[EventDate "2019.01.21"]
[EventRounds "10"]
[EventCountry "BRA"]

1. Nf3 g6 2. g3 Bg7 3. Bg2 f5 4. c4 Nf6 5. Nc3 O-O 6. O-O d6 7. d3 e5 8. Rb1 a5 9. a3 Nc6 10. e3 Ne7 11. b4 axb4 12. axb4 h6 13. Bb2 g5 14. c5 f4 15. Qb3+ Kh8 16. exf4 gxf4 17. cxd6 cxd6 18. Rbc1 Bf5 19. Nb5 Qd7 20. Rc7 Qxb5 21. Rxe7 Bxd3 22. Rc1 Qd5 23. Qxd5 Nxd5 24. Rxb7 Ra2 25. Ne1 Ba6 26. Ra7 fxg3 27. hxg3 Rxb2 28. Bxd5 Rd2 29. Rcc7 Rxd5 30. Rxg7 Rb8 31. Rh7+ Kg8 32. Rxh6 Bb7 33. Ng2 Rd1+ 34. Kh2 Kg7 35. Rh4 Rd2 36. Rg4+ Kf6 37. Kg1 Rd1+ 38. Kh2 Rf1 39. Ra2 Rc8 40. f4 Rcc1 41. fxe5+ dxe5 42. Rf4+ exf4 43. gxf4 Rh1+ 44. Kg3 Rhg1 45. Rb2 Rxg2+ 46. Rxg2 Rc3+ 0-1

[Event "V Floripa Chess Open 2019"]
[Site "Florianopolis/SC"]
[Date "2019.01.24"]
[Round "6.66"]
[White "Alves, Josue Pires"]
[Black "Ulloa, Gabriel"]
[Result "1/2-1/2"]
[WhiteElo "1841"]
[BlackElo "2068"]
[PlyCount "102"]
[EventDate "2019.01.21"]
[EventRounds "10"]
[EventCountry "BRA"]

1. d4 Nf6 2. Nc3 d6 3. Bg5 Nbd7 4. e4 c6 5. Nf3 e5 6. Be2 Be7 7. O-O Qc7 8. h3 h6 9. Be3 O-O 10. Qd2 Re8 11. Nh2 Bf8 12. f4 exd4 13. Qxd4 Nc5 14. Bf3 Qe7 15. Rad1 Ncxe4 16. Bc1 d5 17. Bxe4 dxe4 18. Be3 Qb4 19. Qd2 Be6 20. a3 Qxb2 21. Rb1 Qxa3 22. Rxb7 Rad8 23. Qe1 a5 24. Qa1 Qxa1 25. Rxa1 Bb4 26. Nd1 Nd5 27. Nf1 Nxe3 28. Nfxe3 Ra8 29. f5 Bd5 30. c4 Bc5 31. cxd5 cxd5 32. Rb5 Bxe3+ 33. Nxe3 d4 34. Nd5 Rad8 35. Rbxa5 e3 36. Kf1 d3 37. f6 Rb8 38. R5a3 e2+ 39. Ke1 d2+ 40. Kxd2 e1=Q+ 41. Rxe1 Rb2+ 42. Kc3 Rxe1 43. Kxb2 Re2+ 44. Kc3 Rxg2 45. Ra8+ Kh7 46. h4 Rg4 47. h5 Rh4 48. Rf8 Rxh5 49. Nf4 Rf5 50. Rxf7 Rxf4 51. Rxg7+ Kh8 1/2-1/2

[Event "V Floripa Chess Open 2019"]
[Site "Florianopolis/SC"]
[Date "2019.01.24"]
[Round "6.67"]
[White "Piccoli, Lucas Fonseca"]
[Black "Bonvini, Alberto Tonhati"]
[Result "1/2-1/2"]
[WhiteElo "2062"]
[BlackElo "1880"]
[PlyCount "69"]
[EventDate "2019.01.21"]
[EventRounds "10"]
[EventCountry "BRA"]

1. Nf3 d5 2. c4 e6 3. g3 Nf6 4. Bg2 Be7 5. O-O O-O 6. d4 dxc4 7. Qc2 a6 8. Qxc4 b5 9. Qc2 Bb7 10. Bd2 Nbd7 11. Ba5 Rc8 12. Nbd2 Qe8 13. b4 Bd6 14. Rfe1 Ba8 15. Nb3 Nb6 16. Nc5 Bxc5 17. bxc5 Nc4 18. Bc3 Be4 19. Qc1 Nd5 20. Nd2 Nxd2 21. Bxd2 Bxg2 22. Kxg2 f5 23. Bf4 Qc6 24. f3 Nxf4+ 25. Qxf4 Rcd8 26. Rad1 Rfe8 27. h4 e5 28. dxe5 Rxd1 29. Rxd1 Qxc5 30. Qxf5 Qxe5 31. Qxe5 Rxe5 32. e4 Rc5 33. Rd7 a5 34. Kf2 b4 35. Ke3 1/2-1/2

[Event "V Floripa Chess Open 2019"]
[Site "Florianopolis/SC"]
[Date "2019.01.24"]
[Round "6.68"]
[White "Valcarcel, Victor Ignacio Sant"]
[Black "Cantero, Rodolfo"]
[Result "0-1"]
[WhiteElo "1837"]
[BlackElo "2055"]
[PlyCount "178"]
[EventDate "2019.01.21"]
[EventRounds "10"]
[EventCountry "BRA"]

1. e4 e5 2. Bc4 Nf6 3. d3 Be7 4. Nc3 O-O 5. f4 Nc6 6. Nf3 d6 7. O-O exf4 8. Bxf4 Na5 9. Bb3 Nxb3 10. axb3 Bg4 11. h3 Bh5 12. Qe1 Re8 13. Nd4 Bg6 14. Bg5 Nd5 15. Bxe7 Nxe7 16. Qf2 a6 17. Rae1 Qd7 18. Nce2 d5 19. e5 Nc6 20. Nxc6 Qxc6 21. Nf4 Qd7 22. Qf3 c6 23. h4 Bf5 24. Nxd5 Bxd3 25. cxd3 Qxd5 26. Qxd5 cxd5 27. d4 Rac8 28. Rc1 Kf8 29. Rc3 Ke7 30. Rfc1 Kd7 31. Rc5 Rxc5 32. Rxc5 Ke6 33. Kf2 Rd8 34. Kf3 Rd7 35. Kf4 f6 36. Rc8 fxe5+ 37. dxe5 Rf7+ 38. Ke3 Kxe5 39. Re8+ Kd6 40. Rc8 Rc7 41. Rf8 Kc5 42. Rf4 a5 43. Kd3 Rd7 44. g4 Re7 45. g5 b6 46. Kd2 g6 47. h5 gxh5 48. Rh4 Rg7 49. Rxh5 Kb4 50. g6 hxg6 51. Rxd5 g5 52. Rd3 Kc5 53. Rg3 Kd4 54. Rg4+ Ke5 55. b4 Kf5 56. Rc4 g4 57. Ke2 g3 58. Kf1 g2+ 59. Kg1 axb4 60. Rxb4 Rg6 61. Rd4 Ke5 62. Rd2 Ke4 63. Rd7 Rg5 64. Rd2 Ke3 65. Rd1 Rg4 66. Rd6 b5 67. Rd5 b4 68. Rd1 Ke2 69. Rd5 Rg3 70. Rd4 Rb3 71. Rg4 Kd2 72. Rxg2+ Kc1 73. Kf1 Rxb2 74. Rg3 b3 75. Ke1 Kb1 76. Kd1 Ka2 77. Rg8 Rh2 78. Ra8+ Kb1 79. Ra7 Rc2 80. Rb7 Kb2 81. Rb8 Ka2 82. Ra8+ Kb1 83. Rb8 b2 84. Ra8 Rc5 85. Rd8 Ka2 86. Ra8+ Kb3 87. Rb8+ Kc3 88. Rb7 Rc4 89. Rb8 Rd4+ 0-1

[Event "V Floripa Chess Open 2019"]
[Site "Florianopolis/SC"]
[Date "2019.01.24"]
[Round "6.69"]
[White "Schena, Arthur"]
[Black "Torella, Rodolfo"]
[Result "1-0"]
[WhiteElo "1831"]
[BlackElo "2054"]
[PlyCount "93"]
[EventDate "2019.01.21"]
[EventRounds "10"]
[EventCountry "BRA"]

1. d4 g6 2. c4 Bg7 3. Nc3 d6 4. e4 Nf6 5. Nf3 O-O 6. Be2 c5 7. O-O cxd4 8. Nxd4 Nc6 9. Be3 Bd7 10. f4 a6 11. f5 Nxd4 12. Bxd4 Rc8 13. g4 e5 14. Be3 gxf5 15. exf5 h6 16. h4 Nh7 17. Qe1 Bf6 18. Bxh6 Bxh4 19. Qd2 Bc6 20. Bxf8 Qxf8 21. Rad1 Rd8 22. Bf3 Bg5 23. Qe2 Qh6 24. Kg2 Bf4 25. Rh1 Qg7 26. Bxc6 bxc6 27. Rh4 Bg5 28. Rh3 Bf4 29. Rdh1 Ng5 30. Rh8+ Qxh8 31. Rxh8+ Kxh8 32. Qd1 Kg7 33. Ne2 Ra8 34. Nxf4 exf4 35. Qd4+ f6 36. Qxf4 Rd8 37. Qe3 d5 38. cxd5 cxd5 39. Qa7+ Nf7 40. Qxa6 d4 41. Kf2 d3 42. Ke1 Ne5 43. Qb6 d2+ 44. Kd1 Rd7 45. g5 fxg5 46. Qe6 Rd8 47. Qxe5+ 1-0

[Event "V Floripa Chess Open 2019"]
[Site "Florianopolis/SC"]
[Date "2019.01.24"]
[Round "6.70"]
[White "Predebon, Eduardo Angonesi"]
[Black "De Oliveira, Gustavo Alfredo Bue"]
[Result "0-1"]
[WhiteElo "1825"]
[BlackElo "2052"]
[PlyCount "72"]
[EventDate "2019.01.21"]
[EventRounds "10"]
[EventCountry "BRA"]

1. e4 c5 2. Ne2 Nc6 3. Nbc3 g6 4. g3 Bg7 5. Bg2 e6 6. d3 Nge7 7. Be3 b6 8. O-O O-O 9. Qd2 Re8 10. Bh6 Bh8 11. Bg5 Bb7 12. f4 f6 13. Bh4 Qc7 14. g4 Nd4 15. Ng3 Nec6 16. f5 Rf8 17. fxg6 hxg6 18. Qh6 Ne5 19. Rf2 Bg7 20. Qd2 g5 21. Bxg5 fxg5 22. Raf1 Rxf2 23. Qxf2 Rf8 24. Qd2 Rxf1+ 25. Kxf1 Nxg4 26. Qxg5 Nxh2+ 27. Kf2 Qe5 28. Qd8+ Bf8 29. Qh4 Qf6+ 30. Qxf6 Ng4+ 31. Ke1 Nxf6 32. Kd2 Bh6+ 33. Kd1 Ng4 34. Bf1 Ne3+ 35. Ke1 Ndxc2+ 36. Kf2 Nxf1 0-1

[Event "V Floripa Chess Open 2019"]
[Site "Florianopolis/SC"]
[Date "2019.01.24"]
[Round "6.71"]
[White "De Freitas, Julio Eimard"]
[Black "Lukachewski Junior, Wanderlei"]
[Result "1/2-1/2"]
[WhiteElo "1822"]
[BlackElo "2046"]
[PlyCount "81"]
[EventDate "2019.01.21"]
[EventRounds "10"]
[EventCountry "BRA"]

1. d4 Nf6 2. Nf3 g6 3. g3 Bg7 4. Bg2 O-O 5. O-O d6 6. c4 Nc6 7. Nc3 a6 8. h3 Rb8 9. Be3 b5 10. Nd2 Na5 11. b3 Nd7 12. cxb5 axb5 13. Rc1 e6 14. Nce4 Nb6 15. Nf3 Bb7 16. Bg5 f6 17. Bd2 Bxe4 18. Bxa5 Nd5 19. Ne5 Bxg2 20. Nc6 Ne3 21. Nxd8 Nxd1 22. Rfxd1 Bxh3 23. Nc6 Rb7 24. Kh2 Bf5 25. Ne7+ Kf7 26. Nxf5 gxf5 27. Rxc7+ Rxc7 28. Bxc7 d5 29. a4 Rc8 30. Bb6 bxa4 31. bxa4 Ke8 32. a5 Kd7 33. a6 Bf8 34. a7 Bd6 35. Ra1 Ra8 36. Ra6 f4 37. gxf4 Bxf4+ 38. Kh3 Bd6 39. Kg4 Bh2 40. Kh5 Bg1 41. Kh6 1/2-1/2